Soviet strategy in the Middle East (Record no. 484029)

MARC details
000 -LEADER
fixed length control field 00591nam a2200193Ia 4500
008 - FIXED-LENGTH DATA ELEMENTS--GENERAL INFORMATION
fixed length control field 210417s9999 xx 000 0 und d
020 ## - INTERNATIONAL STANDARD BOOK NUMBER
International Standard Book Number 9781138919815
-- 1138919810
082 ## - DEWEY DECIMAL CLASSIFICATION NUMBER
Classification number 327.47056 BRE.22
Item number 22.327.47056 BRE.1.22
245 #0 - TITLE STATEMENT
Title Soviet strategy in the Middle East
Statement of responsibility, etc. Soviet strategy in the Middle East
250 ## - EDITION STATEMENT
Remainder of edition statement "xiii, 320 p. ; 23 cm. , hbk."
260 ## - PUBLICATION, DISTRIBUTION, ETC.
Place of publication, distribution, etc. London
Name of publisher, distributor, etc. Routledge
Date of publication, distribution, etc. 2016
700 ## - ADDED ENTRY--PERSONAL NAME
Personal name "Breslauer, George W"
Numeration edited by George W. Breslauer ; with contributions by Galia Golan [and others].
Holdings
Withdrawn status Lost status Source of classification or shelving scheme Damaged status Not for loan Home library Current library Shelving location Date acquired Total Checkouts Full call number Barcode Date last seen Price effective from Koha item type
    Dewey Decimal Classification     Anna Centenary Library Anna Centenary Library 3RD FLOOR, B WING 17.04.2021   327.47056 BRE.22 603739 17.04.2021 17.04.2021 Books

Find us on the map